000 00457nam a2200169Ia 4500
008 090711s9999 xx 000 0 und d
082 _b72296
100 _aबोधे व. बा.
245 _aहिरवं सोनं
260 _c1993
300 _a222+1
600 _aबोधे व. बा.
630 _aहिरवं सोनं
700 _aबोधे व. बा.
730 _aहिरवं सोनं
942 _cBOOK
999 _c304299
_d304299